[Event "ROM-ch"]
[Site "Eforie Nord"]
[Date "2024.02.24"]
[Round "1"]
[White "Magold, Filip"]
[Black "Mazilu, Stefan Fabian"]
[Result "1-0"]
[WhiteElo "2400"]
[BlackElo "2036"]
[PlyCount "63"]
[EventDate "2024.02.24"]
[EventType "swiss"]
[EventRounds "9"]
[EventCountry "ROU"]
[SourceTitle "CB10_2024"]
[SourceDate "2024.03.06"]
[SourceVersion "1"]
[SourceVersionDate "2024.03.06"]
[SourceQuality "1"]

1. c4 Nf6 2. Nf3 g6 3. b3 Bg7 4. Bb2 c5 5. g3 Nc6 6. Bg2 d6 7. d4 cxd4 8. Nxd4 Bd7 9. 0-0 Rc8 10. e3 h5 11. h3 a6 12. Nc3 0-0 13. Nde2 Qa5 14. a4 Qb6 15. Nf4 Nb4 16. a5 Qc7 17. Qd2 Bc6 18. e4 b6 19. Ncd5 Bxd5 20. exd5 bxa5 21. Rfe1 Rfe8 22. Re2 Rb8 23. Bc3 h4 24. g4 g5 25. Nh5 Nxh5 26. gxh5 Bf6 27. Kh1 Qd7 28. f4 g4 29. hxg4 Qxg4 30. Rg1 Kh8 31. Rxe7 Qg7 32. h6 1-0

[Event "Sebes GP op"]
[Site "Sebes"]
[Date "2023.11.04"]
[Round "2"]
[White "Lupulescu, Constantin"]
[Black "Mazilu, Stefan Fabian"]
[Result "1-0"]
[WhiteElo "2581"]
[BlackElo "2080"]
[PlyCount "55"]
[EventDate "2023.11.04"]
[EventType "swiss"]
[EventRounds "10"]
[EventCountry "ROU"]
[SourceTitle "CB46_2023"]
[SourceDate "2023.11.15"]
[SourceVersion "1"]
[SourceVersionDate "2023.11.15"]
[SourceQuality "1"]

1. d4 Nf6 2. c4 g6 3. Nc3 Bg7 4. e4 d6 5. Be2 0-0 6. Be3 e5 7. d5 Na6 8. h4 Nc5 9. Qc2 Ng4 10. Bxg4 Bxg4 11. f3 Bc8 12. h5 a5 13. 0-0-0 f5 14. hxg6 hxg6 15. Nge2 b6 16. exf5 Bxf5 17. Ne4 Qd7 18. N2c3 a4 19. Qe2 Nxe4 20. Nxe4 Rfb8 21. g4 Bxe4 22. fxe4 b5 23. Qh2 Rf8 24. Qh7+ Kf7 25. Rdf1+ Ke8 26. Qxg6+ Kd8 27. Rxf8+ Bxf8 28. Rh8 1-0

[Event "Arad op 16th"]
[Site "Arad"]
[Date "2023.08.07"]
[Round "1"]
[White "Pichot, Alan"]
[Black "Mazilu, Stefan Fabian"]
[Result "1-0"]
[WhiteElo "2642"]
[BlackElo "2021"]
[PlyCount "51"]
[EventDate "2023.08.07"]
[EventType "swiss"]
[EventRounds "9"]
[EventCountry "ROU"]
[SourceTitle "EXT 2024"]
[Source "ChessBase"]
[SourceDate "2023.10.10"]
[SourceVersion "1"]
[SourceVersionDate "2023.10.10"]
[SourceQuality "1"]

1. e4 c5 2. Nf3 d6 3. d4 cxd4 4. Nxd4 Nf6 5. Nc3 a6 6. h4 e5 7. Nb3 Be7 8. Bg5 Be6 9. Bxf6 Bxf6 10. g3 Be7 11. Qd2 Nd7 12. 0-0-0 Nf6 13. f4 h6 14. Bh3 0-0 15. Bxe6 fxe6 16. Qe2 Qc7 17. g4 exf4 18. g5 f3 19. Qxf3 hxg5 20. hxg5 Nh7 21. Qh3 Bxg5+ 22. Kb1 Bh6 23. Qxe6+ Kh8 24. Nd5 Qc4 25. Nd4 Rfe8 26. Qg6 1-0

[Event "EU-chT U18"]
[Site "Iasi"]
[Date "2023.07.24"]
[Round "1.3"]
[White "Palczert, Matyas"]
[Black "Mazilu, Stefan Fabian"]
[Result "1-0"]
[WhiteElo "2340"]
[BlackElo "2021"]
[PlyCount "41"]
[EventDate "2023.07.24"]
[EventType "team-swiss"]
[EventRounds "7"]
[EventCountry "ROU"]
[SourceTitle "CBM 215 Extra"]
[Source "ChessBase"]
[SourceDate "2023.09.30"]
[SourceVersion "1"]
[SourceVersionDate "2023.09.30"]
[SourceQuality "1"]
[WhiteTeam "Hungary U18"]
[BlackTeam "Romania Iasi U18"]
[WhiteTeamCountry "HUN"]
[BlackTeamCountry "ROU"]

1. e4 c5 2. Nf3 d6 3. Bb5+ Bd7 4. Bxd7+ Qxd7 5. c4 e5 6. Nc3 Nc6 7. 0-0 Be7 8. d3 f5 9. exf5 Qxf5 10. Nd5 Bd8 11. b4 cxb4 12. a3 Nf6 13. Ne3 Qd7 14. axb4 Nxb4 15. c5 e4 16. dxe4 dxc5 17. Qb3 Bc7 18. e5 Nfd5 19. Rd1 Rd8 20. Nxd5 Nxd5 21. Bg5 1-0

[Event "Poiana Brasov op"]
[Site "Poiana Brasov"]
[Date "2022.07.24"]
[Round "1"]
[White "Mazilu, Stefan Fabian"]
[Black "Istratescu, Andrei"]
[Result "0-1"]
[WhiteElo "1997"]
[BlackElo "2427"]
[PlyCount "78"]
[EventDate "2022.07.24"]
[EventType "swiss"]
[EventRounds "9"]
[EventCountry "ROU"]
[SourceTitle "EXT 2023"]
[Source "ChessBase"]
[SourceDate "2022.10.05"]
[SourceVersion "1"]
[SourceVersionDate "2022.10.05"]
[SourceQuality "1"]

1. e4 c5 2. Nf3 Nc6 3. d4 cxd4 4. Nxd4 Nf6 5. Nc3 d6 6. Bg5 e6 7. Qd3 a6 8. Nxc6 bxc6 9. 0-0-0 h6 10. Bh4 Be7 11. Be2 e5 12. Bg3 0-0 13. f4 Qa5 14. Be1 Qc7 15. fxe5 dxe5 16. Qc4 Rb8 17. Nd5 Nxd5 18. exd5 Qb7 19. Bc3 cxd5 20. Qxd5 Bf6 21. Qxb7 Bxb7 22. Rd6 Be7 23. Rd7 Bg5+ 24. Kb1 Bxg2 25. Rg1 Bh3 26. Rd6 Bf4 27. Bxa6 Be6 28. h4 Rfd8 29. Rxd8+ Rxd8 30. Be2 g5 31. hxg5 hxg5 32. a4 f5 33. b4 g4 34. b5 Be3 35. Rg3 f4 36. Rg2 g3 37. Bf3 Bd5 38. Bxd5+ Rxd5 39. Bb4 Bf2 0-1

[Event "ROM-ch"]
[Site "Eforie Nord"]
[Date "2022.02.26"]
[Round "8"]
[White "Mazilu, Stefan Fabian"]
[Black "Patrascu, Catalin Lucian"]
[Result "1/2-1/2"]
[WhiteElo "1886"]
[BlackElo "2310"]
[PlyCount "52"]
[EventDate "2022.02.20"]
[EventType "swiss"]
[EventRounds "9"]
[EventCountry "ROU"]
[SourceTitle "CBM 207 Extra"]
[Source "ChessBase"]
[SourceDate "2022.05.31"]
[SourceVersion "1"]
[SourceVersionDate "2022.05.31"]
[SourceQuality "1"]

1. e4 c5 2. Nf3 d6 3. Bb5+ Nd7 4. a4 Ngf6 5. Nc3 g6 6. 0-0 Bg7 7. a5 a6 8. Bc4 0-0 9. Re1 Ng4 10. d4 cxd4 11. Nxd4 Qc7 12. Bf1 Qc5 13. Qxg4 Bxd4 14. Be3 Nf6 15. Bxd4 Qxd4 16. Qd1 Qxd1 17. Raxd1 Be6 18. Nd5 Bxd5 19. exd5 Rfe8 20. h3 Kf8 21. Re3 Rec8 22. c4 Rc7 23. Rde1 Rb8 24. Rb3 Nd7 25. Rbe3 b6 26. Rxe7 Rbb7 1/2-1/2

[Event "ROM-ch"]
[Site "Eforie Nord"]
[Date "2022.02.23"]
[Round "5"]
[White "Andronescu, Madalin"]
[Black "Mazilu, Stefan Fabian"]
[Result "1-0"]
[WhiteElo "2122"]
[BlackElo "1886"]
[PlyCount "45"]
[EventDate "2022.02.20"]
[EventType "swiss"]
[EventRounds "9"]
[EventCountry "ROU"]
[SourceTitle "CBM 207 Extra"]
[Source "ChessBase"]
[SourceDate "2022.05.31"]
[SourceVersion "1"]
[SourceVersionDate "2022.05.31"]
[SourceQuality "1"]

1. e4 c5 2. Nf3 d6 3. d4 cxd4 4. Nxd4 Nf6 5. Nc3 a6 6. Bg5 e6 7. f4 Be7 8. Qf3 Qc7 9. 0-0-0 Nbd7 10. Bd3 b5 11. Rhe1 Bb7 12. Qg3 Qc5 13. Nb3 Qc7 14. e5 b4 15. exf6 gxf6 16. Ne4 fxg5 17. Nxg5 Nf6 18. Nd4 Bd5 19. Kb1 Qb6 20. Bf5 Kf8 21. Qh3 h6 22. Nxf7 exf5 23. Nxh8 1-0

[Event "Satu Mare Szabo Memorial"]
[Site "Satu Mare"]
[Date "2021.08.13"]
[Round "7"]
[White "Turlea, Constantin"]
[Black "Mazilu, Stefan Fabian"]
[Result "0-1"]
[WhiteElo "1907"]
[BlackElo "1854"]
[PlyCount "62"]
[EventDate "2021.08.08"]
[EventType "swiss"]
[EventRounds "9"]
[EventCountry "ROU"]
[SourceTitle "CBM 203 Extra"]
[Source "ChessBase"]
[SourceDate "2021.09.30"]
[SourceVersion "1"]
[SourceVersionDate "2021.09.30"]
[SourceQuality "1"]

1. d4 Nf6 2. c4 e6 3. Nf3 b6 4. e3 Bb7 5. Bd3 Be7 6. Nbd2 0-0 7. e4 d6 8. 0-0 Nc6 9. b3 Re8 10. Bb2 Bf8 11. Re1 e5 12. a3 exd4 13. Nxd4 Nxd4 14. Bxd4 Nd7 15. f4 g6 16. b4 Bg7 17. Bxg7 Kxg7 18. Nf3 Qf6 19. g3 a5 20. b5 Nc5 21. e5 dxe5 22. Nxe5 Rad8 23. Re3 Be4 24. Rxe4 Nxe4 25. Qc2 Nc5 26. Rd1 Qe6 27. Be2 f6 28. Bg4 Qe7 29. Nc6 Qe3+ 30. Kg2 Rd3 31. Rf1 Rd2+ 0-1

[Event "Satu Mare Szabo Memorial"]
[Site "Satu Mare"]
[Date "2021.08.08"]
[Round "1"]
[White "Filip, Lucian Ioan"]
[Black "Mazilu, Stefan Fabian"]
[Result "1-0"]
[WhiteElo "2425"]
[BlackElo "1854"]
[PlyCount "87"]
[EventDate "2021.08.08"]
[EventType "swiss"]
[EventRounds "9"]
[EventCountry "ROU"]
[SourceTitle "CBM 203 Extra"]
[Source "ChessBase"]
[SourceDate "2021.09.30"]
[SourceVersion "1"]
[SourceVersionDate "2021.09.30"]
[SourceQuality "1"]

1. Nf3 Nf6 2. c4 e6 3. d4 b6 4. a3 Bb7 5. Nc3 d5 6. cxd5 Nxd5 7. Qc2 Nxc3 8. bxc3 Nd7 9. e4 Be7 10. Bd3 0-0 11. 0-0 c5 12. d5 exd5 13. exd5 h6 14. c4 Bf6 15. Rb1 Ne5 16. Nxe5 Bxe5 17. a4 Qd6 18. g3 Bc8 19. Re1 Bd7 20. Bh7+ Kh8 21. Bf5 Rae8 22. Bd2 Re7 23. Bxd7 Qxd7 24. a5 Rb8 25. Qd3 Rb7 26. Kg2 Kg8 27. Rb5 Rb8 28. Rbb1 Rb7 29. Re4 Qf5 30. Qf3 Qg6 31. axb6 axb6 32. Rbe1 Qd6 33. Qf5 Bf6 34. Qc8+ Kh7 35. Rxe7 Rxe7 36. Bf4 Be5 37. Qf8 Rd7 38. Qxd6 Bxd6 39. Bxd6 Rxd6 40. Re7 Kg6 41. Rb7 Kf6 42. Kf3 Kg6 43. Ke4 f6 44. g4 1-0

[Event "Arad op 13th"]
[Site "Arad"]
[Date "2020.09.25"]
[Round "1"]
[White "Mazilu, Stefan Fabian"]
[Black "Ghimpu, Samuel Timotei"]
[Result "0-1"]
[WhiteElo "1782"]
[BlackElo "2302"]
[PlyCount "56"]
[EventDate "2020.09.25"]
[EventType "swiss"]
[EventRounds "9"]
[EventCountry "ROU"]
[SourceTitle "CBM 198 Extra"]
[Source "ChessBase"]
[SourceDate "2020.11.30"]
[SourceVersion "1"]
[SourceVersionDate "2020.11.30"]
[SourceQuality "1"]

1. d4 g6 2. c4 f5 3. Nf3 Nf6 4. g3 Bg7 5. Bg2 0-0 6. 0-0 Ne4 7. Nc3 Nxc3 8. bxc3 d6 9. Qb3 Nc6 10. c5+ d5 11. Nd2 e6 12. a4 Kh8 13. e3 b6 14. Ba3 Rf7 15. Rfc1 Ba6 16. c4 Na5 17. Qa2 Nxc4 18. Nxc4 dxc4 19. Rd1 Rb8 20. cxb6 cxb6 21. Bb2 Rc8 22. Bc3 Bb7 23. Bxb7 Rxb7 24. Qe2 Qd5 25. f3 Rd7 26. a5 b5 27. e4 Qc6 28. d5 Qc5+ 0-1

[Event "Romania rapid online op final"]
[Site "Chess.com INT"]
[Date "2020.05.01"]
[Round "1"]
[White "Mazilu, Stefan Fabian"]
[Black "Iordachescu, George Matei"]
[Result "1/2-1/2"]
[WhiteElo "1782"]
[BlackElo "1391"]
[PlyCount "132"]
[EventDate "2020.05.01"]
[EventType "swiss (rapid)"]
[EventRounds "7"]
[EventCountry "ROU"]
[SourceTitle "CBM 196 Extra"]
[Source "ChessBase"]
[SourceDate "2020.07.31"]
[SourceVersion "1"]
[SourceVersionDate "2020.07.31"]
[SourceQuality "1"]

1. d4 d5 2. c4 e6 3. Nf3 Nf6 4. g3 Be7 5. Bg2 0-0 6. 0-0 b6 7. Nbd2 Bb7 8. Ne5 Nbd7 9. b3 c5 10. Nxd7 Qxd7 11. dxc5 bxc5 12. Bb2 d4 13. Bxb7 Qxb7 14. Nf3 Rad8 15. Nd2 e5 16. Qe1 e4 17. e3 d3 18. Rd1 Qc8 19. Bxf6 Bxf6 20. Nxe4 Qf5 21. Nxf6+ Qxf6 22. Rd2 Rd7 23. Qb1 Rfd8 24. Rfd1 Qc3 25. Qb2 Qxb2 26. Rxb2 f5 27. Kf1 Kf7 28. Ke1 Ke6 29. Kd2 Ke5 30. f3 g5 31. Kc3 g4 32. fxg4 fxg4 33. Rf2 h5 34. Rf4 d2 35. Rf2 Rd3+ 36. Kc2 Ke4 37. Rfxd2 Rxd2+ 38. Rxd2 Rf8 39. Re2 Rf3 40. a3 a5 41. Kc3 Rf1 42. Rc2 Rb1 43. Rb2 Re1 44. Rd2 Rxe3+ 45. Kc2 Kf3 46. Rd3 Rxd3 47. Kxd3 Kg2 48. b4 Kxh2 49. bxc5 h4 50. gxh4 g3 51. c6 g2 52. c7 g1Q 53. c8Q Qd1+ 54. Kc3 Qa1+ 55. Kb3 Qd1+ 56. Kc3 Qa1+ 57. Kd2 Qa2+ 58. Kd3 Qxa3+ 59. Kd4 Qb2+ 60. Kd5 a4 61. Qc7+ Kh1 62. Qf4 a3 63. Qf1+ Kh2 64. Qf4+ Kh1 65. Qf1+ Kh2 66. Qf4+ Kh1 1/2-1/2

[Event "Romania rapid online op final"]
[Site "Chess.com INT"]
[Date "2020.05.01"]
[Round "6"]
[White "Onut, Simeon"]
[Black "Mazilu, Stefan Fabian"]
[Result "1/2-1/2"]
[WhiteElo "2033"]
[BlackElo "1782"]
[PlyCount "143"]
[EventDate "2020.05.01"]
[EventType "swiss (rapid)"]
[EventRounds "7"]
[EventCountry "ROU"]
[SourceTitle "CBM 196 Extra"]
[Source "ChessBase"]
[SourceDate "2020.07.31"]
[SourceVersion "1"]
[SourceVersionDate "2020.07.31"]
[SourceQuality "1"]

1. c4 Nf6 2. Nc3 e6 3. e4 d5 4. cxd5 exd5 5. e5 Ne4 6. d4 Nxc3 7. bxc3 Be6 8. Bd3 Be7 9. Qc2 h6 10. f4 c5 11. f5 Bd7 12. Nf3 c4 13. Be2 Qc8 14. g4 h5 15. Nd2 Bh4+ 16. Kd1 Nc6 17. Rf1 hxg4 18. Bxg4 Ne7 19. Ba3 Bg5 20. Bxe7 Bxe7 21. e6 Bc6 22. exf7+ Kxf7 23. h3 Qc7 24. Nf3 Bf6 25. Qd2 Ba4+ 26. Kc1 Qd6 27. Kb2 Qb6+ 28. Kc1 Qd6 29. Rb1 Rab8 30. Kb2 a5 31. Ka1 b5 32. Rbe1 b4 33. Ne5+ Bxe5 34. dxe5 bxc3 35. e6+ Kg8 36. Qxc3 Qb4 37. Qe5 d4 38. Qxd4 c3 39. Qxb4 axb4 40. f6 gxf6 41. Rxf6 Rh7 42. e7 Re8 43. Be6+ Kh8 44. Rf8+ Kg7 45. Rg1+ Kh6 46. Rxe8 Bxe8 47. Rg4 Rxe7 48. Re4 Bd7 49. Bf5 Rxe4 50. Bxe4 Bxh3 51. Kb1 Be6 52. Bc2 Kg5 53. Bb3 Bf5+ 54. Kc1 Kf4 55. Bf7 Ke3 56. Bg8 Kd3 57. Bf7 Kd4 58. Bb3 Bd3 59. Be6 Bc4 60. Bxc4 Kxc4 61. Kc2 Kd4 62. Kc1 Kd3 63. Kd1 Kd4 64. Kc2 Kc4 65. Kc1 Kd3 66. Kd1 Kc4 67. Kc2 Kb5 68. Kb3 Ka5 69. a3 bxa3 70. Kxc3 a2 71. Kb2 a1Q+ 72. Kxa1 1/2-1/2

[Event "Bicaz City Cup"]
[Site "Bicaz"]
[Date "2020.03.06"]
[Round "3"]
[White "Mazilu, Stefan Fabian"]
[Black "Filip, Andrei"]
[Result "1/2-1/2"]
[WhiteElo "1772"]
[BlackElo "2103"]
[PlyCount "52"]
[EventDate "2020.03.05"]
[EventType "swiss"]
[EventRounds "7"]
[EventCountry "ROU"]
[SourceTitle "CBM 195 Extra"]
[Source "ChessBase"]
[SourceDate "2020.05.31"]
[SourceVersion "1"]
[SourceVersionDate "2020.05.31"]
[SourceQuality "1"]

1. d4 Nf6 2. c4 e6 3. g3 d5 4. Bg2 Bb4+ 5. Bd2 Be7 6. Bc3 c6 7. Nf3 0-0 8. 0-0 b6 9. Nbd2 Bb7 10. Qc2 Nbd7 11. e4 c5 12. exd5 exd5 13. Ne5 cxd4 14. Bxd4 Qc7 15. Rfe1 dxc4 16. Qxc4 Nc5 17. b4 Bxg2 18. bxc5 bxc5 19. Kxg2 Qb7+ 20. Ndf3 cxd4 21. Qxd4 Rad8 22. Qc4 Rc8 23. Qb3 Qc7 24. Rac1 Qxc1 25. Rxc1 Rxc1 26. Ng5 Rc5 1/2-1/2

[Event "ROM-ch U14"]
[Site "Calimanesti Caciulata"]
[Date "2019.04.17"]
[Round "3"]
[White "Mazilu, Stefan Fabian"]
[Black "Musat, Tudor Mihai"]
[Result "1-0"]
[WhiteElo "1521"]
[BlackElo "1063"]
[PlyCount "75"]
[EventDate "2019.04.15"]
[EventType "swiss"]
[EventRounds "9"]
[EventCountry "ROU"]
[SourceTitle "CBM 190 Extra"]
[Source "ChessBase"]
[SourceDate "2019.07.15"]
[SourceVersion "1"]
[SourceVersionDate "2019.07.15"]
[SourceQuality "1"]

1. d4 d5 2. Nf3 Nf6 3. g3 e6 4. Bg2 Bd6 5. 0-0 0-0 6. Nbd2 Nc6 7. c3 Re8 8. Nb3 e5 9. dxe5 Nxe5 10. Nbd4 Nc4 11. a4 a5 12. b3 Nb6 13. Nb5 Bc5 14. Bf4 Re7 15. Qc2 c6 16. Nbd4 Bg4 17. Rad1 Qe8 18. Rfe1 h6 19. Ne5 Be6 20. Ndf3 Ne4 21. Nd3 Bf5 22. Qb2 Qd7 23. Nfe5 Qe8 24. Bxe4 dxe4 25. Nxc5 g5 26. Be3 Rxe5 27. Bd4 Re7 28. Bf6 Rc7 29. c4 Qf8 30. Qe5 Qc8 31. Rd8+ Qxd8 32. Bxd8 Rcc8 33. Bxb6 Bg6 34. Nxe4 Re8 35. Nf6+ Kf8 36. Bc5+ Kg7 37. Nxe8+ Kh7 38. Qg7# 1-0

[Event "ROM-ch U14"]
[Site "Calimanesti Caciulata"]
[Date "2019.04.15"]
[Round "1"]
[White "Mazilu, Stefan Fabian"]
[Black "Stepanencu, Nicodim Cosmin"]
[Result "0-1"]
[WhiteElo "1521"]
[BlackElo "2061"]
[PlyCount "82"]
[EventDate "2019.04.15"]
[EventType "swiss"]
[EventRounds "9"]
[EventCountry "ROU"]
[SourceTitle "CBM 190 Extra"]
[Source "ChessBase"]
[SourceDate "2019.07.15"]
[SourceVersion "1"]
[SourceVersionDate "2019.07.15"]
[SourceQuality "1"]

1. d4 Nf6 2. c4 e6 3. g3 d5 4. Bg2 Be7 5. Nf3 Bd7 6. b3 Ne4 7. 0-0 f5 8. Bb2 0-0 9. Nbd2 Qe8 10. Ne5 Qh5 11. f3 Nf6 12. e4 c5 13. exd5 exd5 14. f4 Qxd1 15. Raxd1 Be6 16. Rfe1 cxd4 17. Bxd4 Rd8 18. Bf2 Bb4 19. Rf1 Na6 20. Nb1 Ne4 21. Be3 Bc5 22. Bxc5 Naxc5 23. Na3 Nc3 24. Rd2 dxc4 25. Rxd8+ Rxd8 26. Naxc4 b5 27. Na5 Nxa2 28. Nac6 Rd2 29. b4 Na4 30. Nxa7 Bc4 31. Re1 Nxb4 32. Rb1 Nb2 33. Nc8 Na2 34. Ne7+ Kf8 35. Nxf5 Nc3 36. Ra1 b4 37. Nd7+ Kg8 38. Ne5 g6 39. Ne3 Kf8 40. Bf3 b3 41. Rf1 Nca4 0-1

[Event "ROM-ch U14"]
[Site "Calimanesti"]
[Date "2018.03.27"]
[Round "1"]
[White "Mazilu, Stefan Fabian"]
[Black "Antonica, Dragos Andrei"]
[Result "0-1"]
[WhiteElo "1482"]
[BlackElo "2155"]
[PlyCount "56"]
[EventDate "2018.03.27"]
[EventType "swiss"]
[EventRounds "9"]
[EventCountry "ROU"]
[SourceTitle "CBM 183 Extra"]
[Source "ChessBase"]
[SourceDate "2018.04.19"]
[SourceVersion "1"]
[SourceVersionDate "2018.04.19"]
[SourceQuality "1"]

1. c4 Nf6 2. Nc3 e6 3. g3 d5 4. cxd5 exd5 5. Bg2 c6 6. d4 Bd6 7. Nf3 0-0 8. 0-0 Re8 9. Qc2 Nbd7 10. Re1 Nf8 11. Bd2 Bg4 12. h3 Bh5 13. g4 Bg6 14. Qc1 Ne4 15. Bf4 Ne6 16. Bxd6 Qxd6 17. Ne5 Nxd4 18. Nxg6 Qxg6 19. Nxe4 dxe4 20. Qc3 Ne6 21. Qb4 Nf4 22. Qxb7 h5 23. Qd7 Re6 24. f3 f5 25. fxe4 fxg4 26. h4 Nxg2 27. Kxg2 Qxe4+ 28. Kg1 Qe3+ 0-1